000
00216 a2200097 4500
001
34247
100
_a
245
_a
The princess and the cobbler
260
_a
Islamabad
_b
Dost Publication
_c
090
_c
22658
_d
22658
942
_a
NUST-CAE
_c
M
_c
14067
999
_c
269320
_d
269320